000
00334nam a22001457a 4500
020
_a
978-81-8266-953-6
082
_a
894.812.1
_b
AHA/R
100
_a
AHAMMAD RAFEEK
245
_a
RAFEEKK AHAMMADINTE KAVITHAKAL
260
_a
KOZHIKODE
_b
MATHRUBHUMI BOOKS
_c
2016
300
_a
373
520
_a
POETRY
650
_a
POETRY
942
_c
BK
999
_c
4128
_d
4128